|
|
|
|
| LEADER |
00823nam a22002412a 4500 |
| 001 |
000195841 |
| 003 |
CZ BrMZK |
| 005 |
19970107143423.0 |
| 008 |
970107s1958 xr f cze d |
| 015 |
|
|
|a cnb000512368
|
| 035 |
|
|
|a (OCoLC)85319628
|
| 040 |
|
|
|a BOA001
|b cze
|
| 100 |
1 |
|
|a Zelený, Jindřich,
|d 1922-1997
|7 jk01152397
|
| 245 |
1 |
0 |
|a Historický materialismus :
|b (k některým základním otázkám marxistického pojetí dějin) /
|c Jindřich Zelený
|
| 250 |
|
|
|a 1.vyd.
|
| 260 |
|
|
|a Praha :
|b SPN,
|c 1958
|
| 300 |
|
|
|a 103 s.
|
| 490 |
1 |
|
|a Učební texty vysokých škol
|
| 830 |
|
0 |
|a Učební texty vysokých škol
|
| 910 |
|
|
|a BOA001
|b PK-N-0002.711
|
| 964 |
|
|
|a Dějiny - pojetí marxistické
|
| 990 |
|
|
|a BK
|
| 996 |
7 |
|
|b 3119931521
|c PK-N-0002.711
|l MZK
|r Sklad / do 1 hodiny
|n 2
|w 000195841
|u 000010
|a 1
|e BOA001
|j MZK50
|s A
|